000 00591nam a2200229Ia 4500
003 OSt
005 20221007080736.0
006 a|||||r|||| 00| 0
007 ta
008 221006b |||||||| |||| 00| 0 eng d
024 _a28,609
037 _cTextual
040 _aFLL
_cFLL
_beng
041 _2eng
_aeng
082 _aZQ5, J6
100 _aRabinowitz Jacob J.
_9695380
245 0 _aJewish law
260 _aNew York
_bBloch Publishing Company New
_c1956
300 _axiv,386p
_ccm.
942 _hZQ5, J6
_cTEXL
_2CC
999 _c1160745
_d1160745